Az egyetemi énekkar végnapjai?
Elmentve itt :
| Dokumentumtípus: | Cikk |
|---|---|
| Megjelent: |
1965
|
| Sorozat: | Szegedi Egyetem
3 No. 8 |
| Kulcsszavak: | Énekkar - egyetemi |
| Online Access: | http://univ.bibl.u-szeged.hu/12098 |
| LEADER | 00561nab a2200181 i 4500 | ||
|---|---|---|---|
| 001 | univ12098 | ||
| 005 | 20250120130029.0 | ||
| 008 | 171109s1965 hu o 000 hun d | ||
| 022 | |a 0230-791X | ||
| 040 | |a SZTE UnivHistória Repozitórium |b hun | ||
| 041 | |a hun | ||
| 245 | 0 | 3 | |a Az egyetemi énekkar végnapjai? |h [elektronikus dokumentum] |
| 260 | |c 1965 | ||
| 300 | |a 5 | ||
| 490 | 0 | |a Szegedi Egyetem |v 3 No. 8 | |
| 561 | |a Egyetemi, hallgatói élet | ||
| 695 | |a Énekkar - egyetemi | ||
| 856 | 4 | 0 | |u http://univ.bibl.u-szeged.hu/12098/1/sze_1965_008_005.pdf |z Dokumentum-elérés |